| 000 | 01044cam a22003614a 4500 | ||
|---|---|---|---|
| 001 | 15966818 | ||
| 003 | OSt | ||
| 005 | 20140310183110.0 | ||
| 008 | 091030s2009 ph b 001 0 eng | ||
| 010 | _a 2009516453 | ||
| 020 | _a9789712352522 | ||
| 040 |
_aDLC _cDLC |
||
| 042 | _alcode | ||
| 043 | _aa-ph--- | ||
| 050 | 0 | 0 |
_aJQ 1431 _b.L431 2009 |
| 082 |
_aFIL 342 _b.L45 2009 |
||
| 100 | 1 | _aLazo, Ricardo S. | |
| 245 | 1 | 0 |
_aPhilippine governance and the 1987 constitution _cLazo, Ricardo S. |
| 250 | _a2009 ed. | ||
| 260 |
_aManila, Philippines _bRex Book Store _cc2009 |
||
| 300 |
_axxviii, 500 p. _c26 cm. |
||
| 504 | _aIncludes bibliographical references and index. | ||
| 521 | _aCollege Students | ||
| 526 | _c1210L to 1700L | ||
| 541 | _j1 | ||
| 541 | _j2 | ||
| 562 | _e2 | ||
| 650 | 0 |
_aConstitutional law _zPhilippines. |
|
| 651 | 0 |
_aPhilippines _xPolitics and government _y1973- |
|
| 906 |
_a7 _bcbc _corigode _d2 _encip _f20 _gy-gencatlg |
||
| 942 |
_2lcc _cBK _kFIL |
||
| 999 |
_c18835 _d18835 |
||